|
|
|
|
| LEADER |
00000cas a2200000 c 4500 |
| 001 |
129507261 |
| 003 |
DE-627 |
| 005 |
20260207114048.0 |
| 007 |
tu |
| 008 |
931114c19469999xxum| p| 0 |0eng c |
| 016 |
7 |
|
|a 011212721
|2 DE-101
|
| 016 |
7 |
|
|a 209464-2
|2 DE-600
|
| 022 |
|
|
|a 0003-066X
|l 0003-066X
|
| 024 |
7 |
|
|a 00048550
|2 swets
|
| 030 |
|
|
|a AMPSA
|
| 035 |
|
|
|a (DE-627)129507261
|
| 035 |
|
|
|a (DE-603)04730894X
|
| 035 |
|
|
|a (DE-576)014912333
|
| 035 |
|
|
|a (DE-599)ZDB209464-2
|
| 035 |
|
|
|a (OCoLC)243434362
|
| 040 |
|
|
|a DE-627
|b ger
|c DE-627
|e rakwb
|
| 041 |
|
|
|a eng
|
| 044 |
|
|
|c XD-US
|
| 082 |
0 |
4 |
|a 150
|q DE-600
|
| 084 |
|
|
|a 5,2
|2 ssgn
|
| 084 |
|
|
|a LING
|q DE-30
|2 fid
|
| 084 |
|
|
|a CL 1000
|2 rvk
|0 (DE-625)rvk/18938:
|
| 084 |
|
|
|a 77.00
|2 bkl
|
| 210 |
1 |
0 |
|a Am Psychol
|
| 245 |
0 |
0 |
|a American psychologist
|b journal of the American Psychological Association
|
| 264 |
3 |
1 |
|a Washington, DC
|b American Psychological Association
|c 1946-
|
| 336 |
|
|
|a Text
|b txt
|2 rdacontent
|
| 337 |
|
|
|a ohne Hilfsmittel zu benutzen
|b n
|2 rdamedia
|
| 338 |
|
|
|a Band
|b nc
|2 rdacarrier
|
| 362 |
0 |
|
|a 1.1946 -
|
| 363 |
0 |
1 |
|a 1
|i 1946
|
| 500 |
|
|
|a Einzelne Bände zugleich Bände von: American psychologist / Awards issue
|
| 500 |
|
|
|a Einzelne Hefte als "Special issue" bez
|
| 655 |
|
7 |
|a Zeitschrift
|0 (DE-588)4067488-5
|0 (DE-627)10454466X
|0 (DE-576)20917000X
|2 gnd-content
|
| 689 |
0 |
0 |
|d s
|0 (DE-588)4047704-6
|0 (DE-627)106193821
|0 (DE-576)209074426
|a Psychologie
|2 gnd
|
| 689 |
0 |
1 |
|d s
|0 (DE-588)4067488-5
|0 (DE-627)10454466X
|0 (DE-576)20917000X
|a Zeitschrift
|2 gnd
|
| 689 |
0 |
|
|5 DE-101
|
| 710 |
2 |
|
|a American Psychological Association
|e Herausgebendes Organ
|0 (DE-588)959-3
|0 (DE-627)100008984
|0 (DE-576)190134569
|4 isb
|
| 776 |
1 |
|
|x 1935-990X
|
| 776 |
0 |
8 |
|i Erscheint auch als
|n Online-Ausg.
|t The American psychologist
|d Washington, DC : American Psychological Association, 1946
|h Online-Ressource
|w (DE-627)340874627
|w (DE-600)2065890-4
|w (DE-576)251938352
|x 1935-990X
|k Electronic
|
| 936 |
r |
v |
|a CL 1000
|b Zeitschriften
|k Psychologie
|k Zeitschriften
|0 (DE-627)1273576632
|0 (DE-625)rvk/18938:
|0 (DE-576)203576632
|
| 936 |
b |
k |
|a 77.00
|j Psychologie: Allgemeines
|0 (DE-627)106412264
|
| 936 |
s |
n |
|a c200
|2 mzub
|
| 951 |
|
|
|a JT
|
| ELC |
|
|
|b 1
|
| LOK |
|
|
|0 000 xxxxxcx a22 zn 4500
|
| LOK |
|
|
|0 001 2112901540
|
| LOK |
|
|
|0 003 DE-627
|
| LOK |
|
|
|0 004 129507261
|
| LOK |
|
|
|0 005 20020522000000
|
| LOK |
|
|
|0 008 991111||||||||||||||||ger|||||||
|
| LOK |
|
|
|0 040
|a DE-21
|c DE-627
|d DE-21
|
| LOK |
|
|
|0 852
|a DE-21
|
| LOK |
|
|
|0 852 1
|9 00
|
| LOK |
|
|
|0 935
|a konv
|
| LOK |
|
|
|0 939
|a 11-11-99
|b l01
|
| LOK |
|
|
|0 000 xxxxxcy a22 3n 4500
|
| LOK |
|
|
|0 001 2112901559
|
| LOK |
|
|
|0 003 DE-627
|
| LOK |
|
|
|0 004 129507261
|
| LOK |
|
|
|0 005 20130321060604
|
| LOK |
|
|
|0 008 880930||||||||||||||||ger|||||||
|
| LOK |
|
|
|0 035
|a (DE-600)015329925
|
| LOK |
|
|
|0 040
|a DE-21-51
|c DE-627
|d DE-21-51
|
| LOK |
|
|
|0 092
|o n
|
| LOK |
|
|
|0 852
|8 1
|
| LOK |
|
|
|0 852
|a DE-21-51
|
| LOK |
|
|
|0 852 1
|c Zeitschrift
|9 00
|
| LOK |
|
|
|0 85900
|8 1.1
|a 1
|i 1946
|
| LOK |
|
|
|0 85910
|8 1.2
|a 59
|i 2004
|
| LOK |
|
|
|0 86630
|a 1.1946 - 59.2004
|
| LOK |
|
|
|0 939
|a 04-12-99
|b z01
|
| LOK |
|
|
|0 000 xxxxxcx a22 zn 4500
|
| LOK |
|
|
|0 001 2770984578
|
| LOK |
|
|
|0 003 DE-627
|
| LOK |
|
|
|0 004 129507261
|
| LOK |
|
|
|0 005 20140327151425
|
| LOK |
|
|
|0 008 131031||||||||||||||||ger|||||||
|
| LOK |
|
|
|0 040
|a DE-21-110
|c DE-627
|d DE-21-110
|
| LOK |
|
|
|0 852
|z Kein Bestand am IfK; Nachweis für KrimDok
|
| LOK |
|
|
|0 852
|a DE-21-110
|
| LOK |
|
|
|0 852 1
|m v
|9 00
|
| LOK |
|
|
|0 935
|a k110
|
| LOK |
|
|
|0 938
|k v
|
| LOK |
|
|
|0 939
|a 31-10-13
|b l01
|
| ORI |
|
|
|a WA-MARC-krimdokb001.raw
|
| SPR |
|
|
|a 1
|t KRI
|